000 00422nam a2200157 4500
003 CO-ViMGA
020 _a9789583023415
040 _aCO-ViMGA
_bspa
_cCO-ViMGA
090 _aCAMP
100 1 _aCampanella, Marco
_92013
245 1 0 _aMamá, cuéntame un cuento!
_cMarco Campanella
260 _aBogotá :
_bPanamericana,
_c2010
300 _a(32) p. ; 20 cm
650 1 4 _aCuentos infantiles italianos
_982
942 _2ddc
_cBK
999 _c33669
_d33669